Beruházások Csongrád megyében újabb létesítményeket adatak át : Gyorsabb építési ütemet /

Elmentve itt :
Bibliográfiai részletek
Szerző: Gazdagh István
Dokumentumtípus: Cikk
Megjelent: 1974-11-19
Sorozat:Délmagyarország 64 No. 270
Kulcsszavak:Csongrád megye, Ipar építőipar Csongrád megye
Online Access:http://dmarchiv.bibl.u-szeged.hu/87982
LEADER 00562nab a2200157 i 4500
001 delm87982
005 20190409115350.0
008 190409s1974 hu o 0|| hun d
040 |a SZTE Délmagyarország Archívum  |b hun 
041 |a hun 
100 1 |a Gazdagh István 
245 1 0 |a Beruházások Csongrád megyében   |h [elektronikus dokumentum] :  |b újabb létesítményeket adatak át : Gyorsabb építési ütemet /  |c  Gazdagh István 
260 |c 1974-11-19 
300 |a 1 
490 0 |a Délmagyarország  |v 64 No. 270 
695 |a Csongrád megye, Ipar építőipar Csongrád megye